[Event "Dortmund-ch"]
[Site "Dortmund"]
[Date "2005.03.15"]
[Round "8"]
[White "Kalikhman, Grigorij"]
[Black "Szyszka, Arkadiusz"]
[Result "1/2-1/2"]
[WhiteElo "2017"]
[BlackElo "1865"]
[PlyCount "212"]
[EventDate "2005.02.28"]
[EventType "swiss"]
[EventRounds "9"]
[EventCountry "GER"]
[SourceTitle "CBM 105 Extra"]
[Source "ChessBase"]
[SourceDate "2005.05.01"]
[SourceVersion "1"]
[SourceVersionDate "2005.05.01"]
[SourceQuality "1"]

1. e4 c5 2. Nf3 d6 3. d4 cxd4 4. Nxd4 Nf6 5. Nc3 a6 6. Be2 e6 7. Bf3 Be7 8. 0-0 0-0 9. g3 Qc7 10. Qe2 Nc6 11. Nxc6 bxc6 12. Bf4 e5 13. Be3 Be6 14. b3 d5 15. Bg5 d4 16. Bxf6 Bxf6 17. Na4 c5 18. Nb2 Qc6 19. Bg4 Rfe8 20. Bxe6 Qxe6 21. Rad1 Bd8 22. Rfe1 Ba5 23. Rf1 Bc7 24. Nc4 Rf8 25. Rde1 g5 26. Kg2 Kh8 27. g4 Rg8 28. Rh1 Bd8 29. Qf3 Bf6 30. Qf5 Rae8 31. Qxe6 Rxe6 32. Kf3 Bd8 33. Ke2 Rgg6 34. f3 Rh6 35. h3 Rh4 36. Rh2 Bc7 37. Kd3 Rf6 38. Nd2 Ba5 39. Rf1 Bxd2 40. Kxd2 Rfh6 41. Rfh1 Rf6 42. Rf2 Rhh6 43. Kd3 Rc6 44. Kc4 Rhf6 45. h4 Rh6 46. Rfh2 gxh4 47. Rxh4 Rxh4 48. Rxh4 f6 49. Kd5 Rc8 50. g5 Rd8+ 51. Kc4 fxg5 52. Rh5 Kg7 53. Rxg5+ Kf6 54. Rf5+ Ke6 55. Rh5 Rf8 56. Rh6+ Rf6 57. Rxh7 Rxf3 58. Rh6+ Ke7 59. Kd5 Rf2 60. Kxe5 Rxc2 61. Rxa6 d3 62. Rd6 d2 63. a4 Rb2 64. Rd3 Rxb3 65. Rxd2 c4 66. Rd5 Ra3 67. a5 c3 68. Rc5 c2 69. Rc7+ Kd8 70. Rxc2 Rxa5+ 71. Kf6 Ra6+ 72. Kf5 Ra1 73. Rb2 Ke7 74. Rb7+ Ke8 75. e5 Rf1+ 76. Ke6 Kd8 77. Ra7 Rh1 78. Ra8+ Kc7 79. Rf8 Re1 80. Rf5 Kd8 81. Rg5 Re2 82. Rg8+ Kc7 83. Kf6 Kd7 84. Rg7+ Ke8 85. Ra7 Re1 86. Ke6 Kd8 87. Ra8+ Kc7 88. Kf6 Kd7 89. Ra7+ Ke8 90. Ke6 Kd8 91. Rd7+ Ke8 92. Rd5 Ra1 93. Rb5 Ra6+ 94. Kf5 Ra7 95. Rb8+ Ke7 96. Rh8 Ra1 97. Rh7+ Kd8 98. Kf6 Rf1+ 99. Ke6 Re1 100. Rh8+ Kc7 101. Re8 Rh1 102. Kf7 Rh7+ 103. Kg6 Kd7 104. Ra8 Rh1 105. Ra6 Rf1 106. Rf6 Re1 1/2-1/2

[Event "Dortmund-ch"]
[Site "Dortmund"]
[Date "2005.03.08"]
[Round "5"]
[White "Barskij, Alexander"]
[Black "Kalikhman, Grigorij"]
[Result "0-1"]
[WhiteElo "1825"]
[BlackElo "2017"]
[PlyCount "72"]
[EventDate "2005.02.28"]
[EventType "swiss"]
[EventRounds "9"]
[EventCountry "GER"]
[SourceTitle "CBM 105 Extra"]
[Source "ChessBase"]
[SourceDate "2005.05.01"]
[SourceVersion "1"]
[SourceVersionDate "2005.05.01"]
[SourceQuality "1"]

1. e4 e6 2. d4 d5 3. Nc3 Nf6 4. e5 Nfd7 5. f4 c5 6. Nf3 b6 7. Be3 Ba6 8. Nb5 Bxb5 9. Bxb5 a6 10. Be2 c4 11. 0-0 g6 12. Ng5 Be7 13. Qe1 h6 14. Nf3 Nc6 15. Qf2 Qc7 16. Ne1 f5 17. exf6 Nxf6 18. Qg3 0-0-0 19. Qh3 Qd6 20. Nf3 Rdg8 21. Ne5 Nd8 22. b3 b5 23. a4 g5 24. f5 g4 25. Nxg4 Nxg4 26. Bxg4 Bg5 27. fxe6 Bxe3+ 28. Qxe3 Rxg4 29. e7 Ne6 30. Qxh6 Rxh6 31. e8Q+ Nd8 32. Qe5 Qxe5 33. dxe5 d4 34. Rad1 Rhg6 35. g3 cxb3 36. cxb3 d3 0-1

[Event "Dortmund-ch"]
[Site "Dortmund"]
[Date "2005.03.07"]
[Round "4"]
[White "Kalikhman, Grigorij"]
[Black "Hein, Erwin"]
[Result "1/2-1/2"]
[WhiteElo "2017"]
[BlackElo "1966"]
[PlyCount "85"]
[EventDate "2005.02.28"]
[EventType "swiss"]
[EventRounds "9"]
[EventCountry "GER"]
[SourceTitle "CBM 105 Extra"]
[Source "ChessBase"]
[SourceDate "2005.05.01"]
[SourceVersion "1"]
[SourceVersionDate "2005.05.01"]
[SourceQuality "1"]

1. e4 c5 2. Nf3 Nc6 3. c4 g6 4. d4 cxd4 5. Nxd4 Bg7 6. Be3 Nf6 7. Nc3 0-0 8. Be2 d6 9. 0-0 Bd7 10. Rc1 Nxd4 11. Bxd4 Bc6 12. Bf3 a5 13. b3 Nd7 14. Bxg7 Kxg7 15. Qd4+ Kg8 16. Nd5 Bxd5 17. exd5 Rc8 18. h4 Qb6 19. Qxb6 Nxb6 20. Rce1 Rfe8 21. Re3 Rc7 22. Rfe1 Kf8 23. g4 Nd7 24. Kg2 b6 25. g5 a4 26. Bg4 axb3 27. axb3 Nc5 28. Ra1 Rb8 29. h5 f5 30. gxf6 exf6 31. hxg6 hxg6 32. Rh1 Rbb7 33. Bc8 Ra7 34. b4 Na4 35. Rh8+ Kg7 36. Ree8 f5 37. f4 Rxc4 38. Kg3 Rc3+ 39. Kf2 Rc2+ 40. Kg3 Rc3+ 41. Kh4 Rf3 42. Rhg8+ Kh6 43. Rh8+ 1/2-1/2

[Event "Ruhrgebiet VK1 0405"]
[Site "Ruhrgebiet"]
[Date "2004.11.28"]
[Round "4.1"]
[White "Kalikhman, Grigorij"]
[Black "Beckmann, Klaus2222"]
[Result "1-0"]
[WhiteElo "2017"]
[BlackElo "2138"]
[PlyCount "113"]
[EventDate "2004.09.12"]
[EventType "team"]
[EventRounds "9"]
[EventCountry "GER"]
[SourceTitle "EXT 2006"]
[Source "ChessBase"]
[SourceDate "2005.11.24"]
[SourceVersion "1"]
[SourceVersionDate "2005.11.24"]
[SourceQuality "1"]
[WhiteTeam "Brackel II"]
[BlackTeam "Recklinghausen Sued"]
[WhiteTeamCountry "GER"]
[BlackTeamCountry "GER"]

1. e4 e6 2. d4 d5 3. Nc3 h6 4. e5 c5 5. f4 cxd4 6. Nb5 Bb4+ 7. Bd2 Bc5 8. b4 Bf8 9. Nxd4 Qb6 10. c3 Nc6 11. Ngf3 Nge7 12. Be3 Qd8 13. b5 Nxd4 14. Nxd4 Nf5 15. Nxf5 exf5 16. Be2 Be6 17. 0-0 Be7 18. Bd3 h5 19. Qc2 Qc8 20. Rac1 Ba3 21. Rb1 0-0 22. Kh1 b6 23. h3 h4 24. Rg1 g6 25. g3 hxg3 26. Rxg3 Kh7 27. Rbg1 Rh8 28. Qg2 Qe8 29. h4 Rc8 30. Bd4 Kg7 31. Rh3 Rh6 32. Qg5 Be7 33. Qg3 Qh8 34. h5 Rxh5 35. Rxh5 Qxh5+ 36. Kg2 Rh8 37. a4 Bc5 38. Re1 Qg4 39. Bxc5 bxc5 40. Be2 Qxg3+ 41. Kxg3 f6 42. exf6+ Kxf6 43. Bf3 Rd8 44. a5 c4 45. Rb1 Ke7 46. b6 axb6 47. Rxb6 Rd6 48. Rxd6 Kxd6 49. Kh4 Kc7 50. Kg5 d4 51. cxd4 c3 52. Bd1 Bd5 53. Kxg6 Be4 54. Kf6 Kd6 55. a6 Kd5 56. a7 Kxd4 57. Bc2 1-0

[Event "Dortmund-ch"]
[Site "Dortmund"]
[Date "2004.03.11"]
[Round "6"]
[White "Eismont, Igor"]
[Black "Kalikhman, Grigorij"]
[Result "1-0"]
[WhiteElo "2230"]
[BlackElo "1975"]
[PlyCount "49"]
[EventDate "2004.03.01"]
[EventType "swiss"]
[EventRounds "9"]
[EventCountry "GER"]
[SourceTitle "EXT 2006"]
[Source "ChessBase"]
[SourceDate "2005.11.24"]
[SourceVersion "1"]
[SourceVersionDate "2005.11.24"]
[SourceQuality "1"]

1. d4 g6 2. c4 Bg7 3. Nc3 d6 4. e4 Nf6 5. Nf3 0-0 6. h3 Nbd7 7. Bg5 h6 8. Be3 e5 9. d5 b6 10. g4 Nc5 11. Qc2 h5 12. g5 Nfxe4 13. Nxe4 Nxe4 14. Qxe4 f5 15. gxf6 Qxf6 16. Be2 Qf5 17. Ng5 Bf6 18. Rg1 Bxg5 19. Qxf5 Bxf5 20. Rxg5 h4 21. 0-0-0 Kf7 22. Rdg1 Rac8 23. Bg4 Ke8 24. Rxg6 Bxg4 25. R6xg4 1-0

[Event "Ruhrgebiet VK3 0304"]
[Site "Ruhrgebiet"]
[Date "2003.10.26"]
[Round "2.4"]
[White "Hochstein, Udo"]
[Black "Kalikhman, Grigorij"]
[Result "1/2-1/2"]
[WhiteElo "1969"]
[BlackElo "1985"]
[PlyCount "81"]
[EventDate "2003.09.28"]
[EventType "team"]
[EventRounds "9"]
[EventCountry "GER"]
[SourceTitle "EXT 2007"]
[Source "ChessBase"]
[SourceDate "2006.11.23"]
[SourceVersion "1"]
[SourceVersionDate "2006.11.23"]
[SourceQuality "1"]
[WhiteTeam "Linden"]
[BlackTeam "Brackel II"]
[WhiteTeamCountry "GER"]
[BlackTeamCountry "GER"]

1. d4 Nf6 2. c4 g6 3. Nc3 Bg7 4. e4 d6 5. f4 0-0 6. Nf3 Nbd7 7. Bd3 e5 8. fxe5 dxe5 9. d5 Nh5 10. 0-0 c6 11. Qe2 Nf4 12. Bxf4 exf4 13. Rad1 Ne5 14. Nxe5 Bxe5 15. Qf2 Qf6 16. Ne2 g5 17. b3 Kh8 18. Bc2 Bg4 19. Rd3 Qh6 20. Nd4 c5 21. Nf3 Bxf3 22. Qxf3 Qg6 23. Bd1 Rg8 24. h3 Rae8 25. Re1 Bd4+ 26. Kf1 f5 27. exf5 Rxe1+ 28. Kxe1 Qxf5 29. Be2 Qe5 30. Kf1 Re8 31. Rd1 h6 32. Qd3 Kg7 33. Bf3 Re7 34. Bh5 Qf6 35. Re1 Re3 36. Rxe3 fxe3+ 37. Bf3 Qf4 38. Qe4 Qxe4 39. Bxe4 Kf6 40. Ke2 Ke5 41. Bf3 1/2-1/2

[Event "Ruhrgebiet VK3 0304"]
[Site "Ruhrgebiet"]
[Date "2003.09.28"]
[Round "1.3"]
[White "Kalikhman, Grigorij"]
[Black "Grosse Frintrop, Gerd"]
[Result "1-0"]
[WhiteElo "1985"]
[BlackElo "1975"]
[PlyCount "101"]
[EventDate "2003.09.28"]
[EventType "team"]
[EventRounds "9"]
[EventCountry "GER"]
[SourceTitle "EXT 2007"]
[Source "ChessBase"]
[SourceDate "2006.11.23"]
[SourceVersion "1"]
[SourceVersionDate "2006.11.23"]
[SourceQuality "1"]
[WhiteTeam "Brackel II"]
[BlackTeam "Buer"]
[WhiteTeamCountry "GER"]
[BlackTeamCountry "GER"]

1. e4 d5 2. exd5 Qxd5 3. Nc3 Qa5 4. d4 c6 5. Nf3 Nf6 6. Bd2 Bf5 7. Ne4 Qc7 8. Ng3 Bg6 9. Ne5 e6 10. h4 Bd6 11. f4 Bxe5 12. dxe5 Nd5 13. h5 Bf5 14. Nxf5 exf5 15. Bd3 Ne7 16. g4 Qd7 17. gxf5 Nxf5 18. Qg4 Qd5 19. 0-0-0 Qxa2 20. c3 Ne7 21. Be3 Nd7 22. Bb1 Qe6 23. f5 Qxe5 24. Bf4 Nf6 25. Bxe5 Nxg4 26. Bxg7 Rg8 27. f6 Rxg7 28. fxg7 Nf6 29. Rhe1 Rd8 30. Rxe7+ Kxe7 31. Rxd8 Kxd8 32. Bxh7 Ke7 33. g8Q Nxg8 34. Bxg8 Kf6 35. h6 c5 36. h7 Kg7 37. Bxf7 Kxh7 38. Bd5 b5 39. Bc6 b4 40. c4 Kg6 41. Kd2 Kf5 42. Ke3 Ke5 43. b3 Kd6 44. Bd5 Kc7 45. Kf4 Kb6 46. Be4 Kc7 47. Ke5 Kb6 48. Kd6 a6 49. Bf5 Ka5 50. Bc8 Kb6 51. Bxa6 1-0